Alle Sieger von F1-Rennen in Ungarn - Statistiken

Allgemein
  • Dieses Quiz wurde 267 mal gespielt
    113 seit der letzten Aktualisierung
  • Das Durchschnittsergebnis liegt bei 33 aus 38
Antwortstatistiken
Nr. Jahr Strecke Konstrukteur Nationaltät Fahrer % Korrekt
30 2015 Ferrari GER Sebastian Vettel
100%
32 2017 Ferrari GER Sebastian Vettel
100%
22 2007 McLaren GBR Lewis Hamilton
99%
24 2009 McLaren GBR Lewis Hamilton
99%
27 2012 McLaren GBR Lewis Hamilton
99%
28 2013 Mercedes GBR Lewis Hamilton
99%
31 2016 Mercedes GBR Lewis Hamilton
99%
33 2018 Mercedes GBR Lewis Hamilton
99%
34 2019 Mercedes GBR Lewis Hamilton
99%
35 2020 Mercedes GBR Lewis Hamilton
99%
37 2022 Red Bull NED Max Verstappen
98%
38 2023 Red Bull NED Max Verstappen
98%
9 1994 Benetton GER Michael Schumacher
98%
13 1998 Ferrari GER Michael Schumacher
98%
16 2001 Ferrari GER Michael Schumacher
98%
19 2004 Ferrari GER Michael Schumacher
98%
3 1988 McLaren BRA Ayrton Senna
96%
6 1991 McLaren BRA Ayrton Senna
96%
7 1992 McLaren BRA Ayrton Senna
96%
18 2003 Renault ESP Fernando Alonso
92%
20 2005 McLaren FIN Kimi Räikkönen
89%
21 2006 Honda GBR Jenson Button
86%
26 2011 McLaren GBR Jenson Button
86%
25 2010 Red Bull AUS Mark Webber
86%
14 1999 McLaren FIN Mika Häkkinen
86%
15 2000 McLaren FIN Mika Häkkinen
86%
29 2014 Red Bull AUS Daniel Ricciardo
84%
11 1996 Williams CAN Jacques Villeneuve
83%
12 1997 Williams CAN Jacques Villeneuve
83%
36 2021 Alpine FRA Esteban Ocon
78%
8 1993 Williams GBR Damon Hill
77%
10 1995 Williams GBR Damon Hill
77%
17 2002 Ferrari BRA Rubens Barrichello
76%
4 1989 Ferrari GBR Nigel Mansell
70%
1 1986 Hungaroring Williams BRA Nelson Piquet
68%
2 1987 Williams BRA Nelson Piquet
68%
23 2008 McLaren FIN Heikki Kovalainen
51%
5 1990 Williams BEL Thierry Boutsen
24%
Keine übereinstimmenden Quizze gefunden
Verteilung der Resultate
Anzahl Personen mit jedem Resultat
Perzentil nach korrekt beantworteten Fragen
Ihre Resultats-Entwicklung
Sie haben dieses Quiz seit der letzten Aktualisierung nicht gespielt